Statystyki dla 20 Największych miast w Algierii

Kliknij tutaj aby rozwiązać quiz!

Ogólne statystyki

  • Ten quiz został rozwiązany 18 razy
  • Średni wynik to 3 z 20

Statystyki odpowiedzi

MiejscePopulacjaMiasto% Poprawnych
12,364,230Algier
100%
2803,329Oran
70%
3448,028Konstantyn
30%
8252,127Setif
20%
4342,703Annaba
10%
6289,504Batna
10%
15176,139Bejaia
10%
10204 661,Biskra
10%
9210,146Sidi bel Abbes
10%
13182,903Skikda
10%
18165,241Bechar
0%
5331,779Blida
0%
20158,812Bordj Bou Arreridj
0%
7265,833Djelfa
0%
12186 525,El Oued
0%
19162,885Mostaganem
0%
17169 927Ouargla
0%
11194,461Tébessa
0%
14178,915Tiaret
0%
16173,531Tlemcen
0%

Rozkład punktacji

Percentyl według liczby udzielonych odpowiedzi

Procent ludzi z każdym wynikiem

Twoja historia wyników

Nie rozwiązałeś tego quizu